00317pab a2200121 454500008004000000100002500040245003900065260000900104300000800113362001500121650004200136773001700178180718b1985 xxu||||| |||| 00| 0 eng d aChandra, Jag Parvesh aNew dimensions to Delhi industries c1985 a6-9 aJuly-Sept. aIndustry, Small Scale - India - Delhi aVikas Vartha